书目信息 |
| 题名: |
熬通宵也要读完的大隋史
|
|
| 作者: | 覃仕勇 著 | |
| 分册: | ||
| 出版信息: | 北京 台海出版社 2021 |
|
| 页数: | 300页 | |
| 开本: | 25cm | |
| 丛书名: | ||
| 单 册: | ||
| 中图分类: | K241.09 | |
| 科图分类: | ||
| 主题词: | 中国历史--zhong guo li shi--隋代--通俗读物 | |
| 电子资源: | ||
| ISBN: | 978-7-5168-2807-6 | |
| 000 | 00991nam0 2200229 450 | |
| 001 | 2158004821 | |
| 005 | 20211011172911.0 | |
| 010 | @a978-7-5168-2807-6@dCNY48.00 | |
| 100 | @a20210507d2021 em y0chiy50 ea | |
| 101 | 0 | @achi |
| 102 | @aCN@b110000 | |
| 105 | @ay z 000yy | |
| 106 | @ar | |
| 200 | 1 | @a熬通宵也要读完的大隋史@Aao tong xiao ye yao du wan de da sui shi@f覃仕勇著 |
| 210 | @a北京@c台海出版社@d2021 | |
| 215 | @a300页@d25cm | |
| 330 | @a隋朝结束了自西晋末年以来长达近300年的分裂局面, 并清除永嘉之乱后各种文化乱象, 大力推行汉化, 为后来唐宋汉文化大发展奠定了坚实的基础。 史家治史, 每论及唐朝的文化、经济以及各项政治制度, 必定离不开隋。 隋唐合在一起, 被世界公认中国最强盛的时期。 但也正因隋朝被绑在唐朝之上, 且本身历史太短, 常遭大众忽视。 本书从隋朝的诞生渊源说起, 到隋朝全面终结。 | |
| 606 | 0 | @a中国历史@Azhong guo li shi@z隋代@j通俗读物 |
| 690 | @aK241.09 | |
| 701 | 0 | @a覃仕勇@Aqin shi yong@4著 |
| 801 | 0 | @aCN@b百万庄@c20211007 |
| 905 | @b1306337-340@dK241.09@e23@f4 | |
| 熬通宵也要读完的大隋史/覃仕勇著.-北京:台海出版社,2021 |
| 300页;25cm |
| ISBN 978-7-5168-2807-6:CNY48.00 |
| 隋朝结束了自西晋末年以来长达近300年的分裂局面, 并清除永嘉之乱后各种文化乱象, 大力推行汉化, 为后来唐宋汉文化大发展奠定了坚实的基础。 史家治史, 每论及唐朝的文化、经济以及各项政治制度, 必定离不开隋。 隋唐合在一起, 被世界公认中国最强盛的时期。 但也正因隋朝被绑在唐朝之上, 且本身历史太短, 常遭大众忽视。 本书从隋朝的诞生渊源说起, 到隋朝全面终结。 |
| ● |
| 相关链接 |
|
|
|
|
正题名:熬通宵也要读完的大隋史
索取号:K241.09/23
 
预约/预借
| 序号 | 登录号 | 条形码 | 馆藏地/架位号 | 状态 | 备注 |
| 1 | 1306337 | 213063370 | 第二样本阅览室/ [索取号:K241.09/23] | 在馆 | |
| 2 | 1306338 | 213063389 | 第二借阅区/ [索取号:K241.09/23] | 在馆 | |
| 3 | 1306339 | 213063398 | 第二借阅区/ [索取号:K241.09/23] | 在馆 | |
| 4 | 1306340 | 213063405 | 第二借阅区/ [索取号:K241.09/23] | 在馆 |